书目信息 |
| 题名: |
高等数学学习辅导
|
|
| 作者: | 王金金 , 李广民 , 于力 编 | |
| 分册: | ||
| 出版信息: | 西安 西安电子科技大学出版社 2007.09 |
|
| 页数: | 404页 | |
| 开本: | 21cm | |
| 丛书名: | 高等学校数学教材系列丛书 | |
| 单 册: | ||
| 中图分类: | O13 | |
| 科图分类: | ||
| 主题词: | 高等数学--gao deng shu xue--高等学校--教学参考资料 | |
| 电子资源: | ||
| ISBN: | 978-7-5606-1889-0 | |
| 000 | 01099nam 2200289 450 | |
| 001 | 012007003445 | |
| 005 | 20071228152916.14 | |
| 010 | @a978-7-5606-1889-0@dCNY20.00 | |
| 100 | @a20071228d2007 km y0chiy0120 ea | |
| 101 | 0 | @achi |
| 102 | @aCN@b610000 | |
| 105 | @ay a 000yy | |
| 106 | @ar | |
| 200 | 1 | @a高等数学学习辅导@Agao deng shu xue xue xi fu dao@e配合同济高等数学 (五版·上册)@f王金金, 李广民, 于力编@Fwang jin jin,li guang min,yu li bian |
| 210 | @a西安@c西安电子科技大学出版社@d2007.09 | |
| 215 | @a404页@d21cm | |
| 225 | 2 | @a高等学校数学教材系列丛书@Agao deng xue xiao shu xue jiao cai xi lie cong shu |
| 320 | @a有书目 (第404页) | |
| 330 | @a本书内容包括:函数与极限,导数与微分,中值定理与导数的应用,不定积分,定积分,定积分的应用,空间解析几何与向量代数。 | |
| 410 | 0 | @12001 @a高等学校数学教材系列丛书 |
| 606 | 0 | @a高等数学@Agao deng shu xue@x高等学校@j教学参考资料 |
| 690 | @aO13@v4 | |
| 701 | 0 | @a王金金@Awang jin jin@4编 |
| 701 | 0 | @a李广民@Ali guang min@4编 |
| 701 | 0 | @a于力@Ayu li@4编 |
| 801 | 0 | @aCN@bQSSK@c20071228 |
| 905 | @b273615-17@dO13@eW232@f3 | |
| 高等数学学习辅导:配合同济高等数学 (五版·上册)/王金金, 李广民, 于力编.-西安:西安电子科技大学出版社,2007.09 |
| 404页;21cm.-(高等学校数学教材系列丛书) |
| ISBN 978-7-5606-1889-0:CNY20.00 |
| 本书内容包括:函数与极限,导数与微分,中值定理与导数的应用,不定积分,定积分,定积分的应用,空间解析几何与向量代数。 |
| ● |
| 相关链接 |
|
|
|
正题名:高等数学学习辅导
索取号:O13/W232
 
预约/预借
| 序号 | 登录号 | 条形码 | 馆藏地/架位号 | 状态 | 备注 |
| 1 | 273615 | 202736156 | 自科库401/401自科库 107排4列3层/ [索取号:O13/W232] | 在馆 | |
| 2 | 273616 | 202736165 | 自科库401/401自科库 107排4列3层/ [索取号:O13/W232] | 在馆 | |
| 3 | 273617 | 202736174 | 自科库401/401自科库 107排4列3层/ [索取号:O13/W232] | 在馆 |